00615nam a2200181 a 4500008004100000020001500041050001800056100003200074245006900106260004400175300002100219350000900240490003900249500007200288650004000360650001800400710001500418120416s1987 ||||||||||||||||| || u a0195205448 aHD 4420.8 Rot aRoth, Gabriel Joseph, 1926-14aThe private provision of public services in developing countries aNew YorkbOxford University Pressc1987 axv, 278p. : ill. a0.00 aEDI series in economic development a'Published for the World Bank.' -Includes bibliographies and index. aPRIVATIZATION--DEVELOPING COUNTRIES 0aPRIVATIZATION aWorld Bank